Statistiques concernant Néerlandais célèbres par images

Cliquez ici pour prendre le quiz!

Statistiques générales

  • Ce quiz a été pris 123 fois
  • Le résultat moyen est 5 sur 16

Statistiques - réponses

Réponse% Correct
Vincent van Gogh
96%
Max Verstappen
85%
Johan Cruyff
77%
Dave
63%
Marco van Basten
55%
Rembrandt
46%
André Rieu
31%
Martin Garrix
23%
Erasme
13%
Johannes Vermeer
12%
Beatrix
11%
Baruch Spinoza
10%
Tiësto
10%
Paul Verhoeven
4%
Wim Hof
3%
Otto Frank
0%

Distribution des résultats

Percentile par nombre de réponses

% des personnes avec chaque résultat

Votre développement - résultats

Vous n’avez pas pris ce quiz